Super Mario Odyssey Bosses - Statistics

General Stats
  • This quiz has been taken 83 times
  • The average score is 9 of 13
Answer Stats
Kingdom(s) Boss % Correct
Cloud Kingdom/Moon Kingdom Bowser
92%
Cap Kingdom/Bowser's Kingdom/Dark Side Topper
92%
Wooded Kingdom/Luncheon Kingdom/Dark Side Spewart
85%
Lake Kingdom/Snow Kingdom/Dark Side Rango
83%
Sand Kingdom/Bowser's Kingdom/Dark Side Hariet
80%
Metro Kingdom Mechawiggler
73%
Cascade Kingdom/Moon Kingdom Madame Broode
69%
Sand Kingdom Knucklotec
63%
Luncheon Kingdom Cookatiel
53%
Wooded Kingdom Torkdrift
46%
Bowser's Kingdom/Dark Side RoboBrood
44%
Seaside Kingdom Brigadier Mollusque-Lanceur III
37%
Ruined Kingdom Lord of Lightning
37%
No matching quizzes found
Score Distribution
Percent of People with Each Score
Percentile by Number Answered
Your Score History
You have not taken this quiz